| 000 | 00653nam a2200193 i 4500 | ||
|---|---|---|---|
| 001 | 12030 | ||
| 003 | ES-MaACL | ||
| 005 | 20230906150226.0 | ||
| 008 | 951003s1994 sp f |||| |dspa j | ||
| 020 | _a84-206-9406-1 | ||
| 080 | _a929 Urgoiti, Nicolás María de | ||
| 100 | 1 |
_aCabrera, Mercedes. _933295 |
|
| 245 | 1 | 3 |
_aLa industria, la prensa y la política _b: Nicolás Mª de Urgoiti (1869-1951) / _cMercedes Cabrera. |
| 260 |
_aMadrid : _bAlianza Editorial, _cD.L. 1994. |
||
| 300 |
_a302 p., [16] p. de lám ; _c22 cm. |
||
| 504 | _aBibliografía: p. 297-302. | ||
| 600 | 1 | 4 |
_aUrgoiti, Nicolás María de. _9112133 |
| 852 |
_aES-MaACL _jL-19374 |
||
| 999 |
_c12030 _d12030 |
||